Sports Quiz

Random Sports Quiz

All-Time Leaders In 6 Sports Quiz Stats

 Plays Quiz not verified by Sporcle

Challenge
Share
Tweet
Embed
Score 0/48 Timer 04:00
0 Plays Today
% Correct
New York Yankees
96.7%
Boston Celtics
96.5%
Barry Bonds
93.7%
Pittsburgh Steelers
90.7%
Pete Rose
88.9%
Kareem Abdul-Jabbar
88.7%
Jerry Rice
85.9%
Bruce Smith
85.7%
Emmith Smith
85.7%
Wayne Gretzky
85.2%
Wayne Gretzky
85.2%
Roger Federer, Pete Sampras, Jimmy Connors
85.1%
Rickey Henderson
84.9%
Brett Favre
83.5%
John Stockton
83.4%
John Stockton
83.4%
Montreal Canadiens
82.4%
Nolan Ryan
81.6%
Wilt Chamberlain
81.4%
Cy Young
81.1%
Roger Federer, Andre Agassi
80%
Trevor Hoffman
76.8%
Green Bay Packers
74.7%
Hank Aaron
74.3%
% Correct
Serena Williams
73.1%
David Williams
72.9%
Pete Sampras
72.3%
Patrick Roy
59.8%
Manchester United
58.9%
Reggie Miller
58.2%
Brazil
55.6%
Martin Brodeur
53.5%
Hakeem Olajuwon
50.8%
Real Madrid
48%
Real Madrid
48%
Gordie Howe
45.9%
Martina Navratilova
41.2%
Morten Andersen
40.9%
Germany
36.5%
Bjorn Borg
33.4%
Bayern Munchen
33.1%
Argentina, Uruguay
30.1%
Chris Evert
29.2%
Chris Evert
29.2%
Robert Parish
27.7%
Dominik Hasek
25.3%
Juventus
23.5%
Paul Krause
5.6%

You're not logged in!

Compare scores with friends on all Sporcle quizzes.
Join for Free
OR
Log In

You Might Also Like...

Show Comments

Extras

Top Quizzes Today


Score Distribution

Your Account Isn't Verified!

In order to create a playlist on Sporcle, you need to verify the email address you used during registration. Go to your Sporcle Settings to finish the process.

Report this User

Report this user for behavior that violates our Community Guidelines.

Details: